Moose on the Loose in the USA Quiz Stats

 Plays Quiz Updated Aug 3, 2019

Score 0/16 Timer 01:30
0 Plays Today
% Correct
Montana
98.8%
Idaho
98.1%
Washington
96.8%
North Dakota
96.4%
Minnesota
94.7%
Oregon
90.5%
Wisconsin
90.2%
Wyoming
88.7%
% Correct
Michigan
88.1%
Maine
82.6%
Vermont
80.4%
New York
80.1%
New Hampshire
79.6%
Colorado
46.4%
Alaska
43.3%
Utah
42.1%

You're not logged in!

Compare scores with friends on all Sporcle quizzes.
OR
Log In

Sporcle TV

Today on Sporcle TV


Watch our educational content, quiz creation guides, and fun videos on Sporcle TV.

Show Comments

Extras

Top Quizzes Today


Score Distribution

Your Account Isn't Verified!

In order to create a playlist on Sporcle, you need to verify the email address you used during registration. Go to your Sporcle Settings to finish the process.

Report this User

Report this user for behavior that violates our Community Guidelines.

Details: